| 000 | 00929nam a2200253 i 4500 | ||
|---|---|---|---|
| 001 | 41628 | ||
| 003 | ES-MaACL | ||
| 005 | 20250902063053.0 | ||
| 007 | t| | ||
| 008 | 030311s1973 ag |||| |dspa d | ||
| 080 | _a1Kierkegaard, Sören | ||
| 080 | _a141.32 | ||
| 100 | 1 |
_aCastellani, Leonardo, _d1899-1981 _9158423 |
|
| 245 | 1 | 0 |
_aDe Kirkegord a Tomás de Aquino _b: introducción a la filosofía / _cLeonardo Castellani. |
| 260 |
_aBuenos Aires : _bGuadalupe, _c[1973] |
||
| 300 |
_a264 p. ; _c23 cm. |
||
| 490 | 1 |
_aBiblioteca pedagógica. Sección III: textos ; _v13 |
|
| 600 | 1 | 4 |
_aKierkegaard, Søren ( _d1813-1855)- _xCrítica e interpretación. _9166022 |
| 600 | 0 | 4 |
_aTomás de Aquino _cSanto- _xCrítica e interpretación. _9110513 |
| 650 | 0 | 4 |
_aExistencialismo. _912679 |
| 830 | 0 |
_aBiblioteca pedagógica. Sección III: textos ; _v13 _9229793 |
|
| 852 |
_aES-MaACL _jE-6047 |
||
| 999 |
_c41628 _d41628 |
||